000 00794cam a2200241 a 4500
001 000004218
003 OSt
005 20200929151420.0
008 721010s1945 mau b 000 0deng
020 _a0316773433
040 _aDO-SdBNP
_bspa
_cBNPHU
082 _a973.56
_bS342a
100 1 _aSchlesinger, Arthur M.
_q(Arthur Meier),
_d1917-2007.
_912453
245 1 4 _aThe age of Jackson /
_cArthur M. Schlesinger, Jr.
260 _aBoston :
_bLittle, Brown and Company,
_c1945.
300 _a577 p. ;
_c21 cm.
504 _aBibliografĂ­as: p. 529-559.
600 1 0 _aJACKSON, ANDREW,
_d1767-1845.
_912454
651 4 _aEstados Unidos
_xPresidente (1829-1837: Jackson{Rpara}
_912455
651 4 _aEstados Unidos
_xPolĂ­tica Y Gobierno
_y1829-1837.
_912456
942 _2ddc
_cLF1
956 _aLOPEREZ
999 _c4032
_d4032